000 00539nam a2200169Ia 4500
999 _c39806
_d39806
003 GCL
005 20240530103459.0
008 140319s9999 xx 000 0 ara d
040 _aGCL /
_cGCL
082 0 4 _a257.1
_bا م
100 1 _aاحمد يوسف
245 1 0 _aالمال فى الشريعة الاسلامية : بين الكسب والانفاق والتوريث /
_cاحمد يوسف
650 0 4 _aالشريعة الاسلامية
650 0 4 _aالمواريث
650 0 4 _aاقتصاديات المال
942 _2ddc
_cBK